Henry and the paper route /

Bibliographic Details
Main Author: Cleary, Beverly
Other Authors: Darling, Louis
Format: Book
Language:English
Published: New York, N.Y. : Dell Pub. Co., [1980?]
Series:A Yearling book

MARC

Tag First Indicator Second Indicator Subfields
LEADER 00000cam a2200000 a 4500
001 in00000091834
005 20150923131857.0
008 800912r19571980nyua j 00011 eng d
020 |a 0440432987 
035 |a (OCoLC)06703120 
035 |9 AAK7170AM 
040 |a KKM  |c KKM  |d m.c.  |d TXA  |d UtOrBLW 
049 |a [Curr Col] TXAM  |c [444396], 2 [444397] 
090 |a PZ7.C5792  |b Hd 1981 
100 1 |a Cleary, Beverly. 
245 1 0 |a Henry and the paper route /  |c by Beverly Cleary; illustrated by Louis Darling. 
264 1 |a New York, N.Y. :  |b Dell Pub. Co.,  |c [1980?] 
264 3 |c 1981 printing 
264 4 |c ©1957 
300 |a 192 pages :  |b illustrations ;  |c 21 cm. 
336 |a text  |b txt  |2 rdacontent 
337 |a unmediated  |b n  |2 rdamedia 
338 |a volume  |b nc  |2 rdacarrier 
490 0 |a A Yearling book 
500 |a Reprint. Originally published : W. Morrow, 1957. 
700 1 |a Darling, Louis. 
999 |a MARS 
999 f f |s 303b35e5-7f25-3fa5-a1c6-cf01bcbb3957  |i cc9c4ff1-3233-3ff3-aa43-036b502cf137  |t 0 
952 f f |p ric  |a Texas A&M University  |b Rellis Campus  |c Joint Library Facility  |d Remote Storage  |t 0  |e PZ7.C5792 Hd 1981  |h Library of Congress classification  |i unmediated -- volume  |m A14806004122 
998 f f |a PZ7.C5792 Hd 1981  |t 0  |l Remote Storage